[Event "16. Obert Internacional Sant Martí 2014"]
[Site "Barcelona ESP"]
[Date "2014.07.20"]
[Round "8.15"]
[White "Asis Gargatagli, Hipolito"]
[Black "Akshat, Khamparia"]
[Result "1-0"]
[WhiteElo "2460"]
[BlackElo "2367"]
[PlyCount "83"]
[EventDate "2014.07.13"]
[EventType "swiss"]
[EventRounds "9"]
[EventCountry "ESP"]
[Source "lmi"]
[SourceDate "2014.07.13"]

1. e4 d5 2. exd5 Nf6 3. Nf3 Nxd5 4. d4 g6 5. g3 Bg7 6. Bg2 O-O 7. O-O Nc6 8. c3
Nb6 9. Qe2 Re8 10. Rd1 e5 11. dxe5 Qe7 12. Bf4 h6 13. Nbd2 g5 14. Be3 Bg4 15.
h3 Bh5 16. Qf1 Rab8 17. Re1 Bg6 18. Bd4 Rbd8 19. Ne4 Nxd4 20. cxd4 Qb4 21. b3
Nd5 22. Rac1 Qa3 23. Qc4 Re6 24. Nc5 Rc6 25. e6 fxe6 26. Rxe6 Bf7 27. Rxc6 bxc6
28. Qf1 Qb2 29. Nd3 Qxa2 30. Nde5 Qxb3 31. Nxc6 Re8 32. Nfe5 Be6 33. Nxa7 Ne7
34. Rxc7 Nf5 35. Rb7 Qa2 36. Nac6 Bd5 37. Bxd5+ Qxd5 38. Rd7 Qe6 39. d5 Qf6 40.
Rf7 Nxg3 41. Rxf6 Nxf1 42. Re6 1-0

[Event "16. Obert Internacional Sant Martí 2014"]
[Site "Barcelona ESP"]
[Date "2014.07.20"]
[Round "8.16"]
[White "Movsziszian, Karen"]
[Black "Smirnov, Boris"]
[Result "1-0"]
[WhiteElo "2520"]
[BlackElo "2145"]
[PlyCount "103"]
[EventDate "2014.07.13"]
[EventType "swiss"]
[EventRounds "9"]
[EventCountry "ESP"]
[Source "lmi"]
[SourceDate "2014.07.13"]

1. g3 Nf6 2. Bg2 g6 3. e4 d6 4. d4 Bg7 5. Nc3 O-O 6. Nge2 c5 7. dxc5 dxc5 8.
Qxd8 Rxd8 9. Be3 Na6 10. h3 e5 11. O-O Nb4 12. Bxc5 Nxc2 13. Rac1 Nd4 14. Nxd4
exd4 15. Nb5 Be6 16. Nc7 Rac8 17. Nxe6 fxe6 18. Bxa7 Nd7 19. e5 Rxc1 20. Rxc1
Nxe5 21. Bb6 Rd7 22. b3 Nd3 23. Rc8+ Kf7 24. Kf1 Nb4 25. a3 d3 26. axb4 d2 27.
Bf3 d1=Q+ 28. Bxd1 Rxd1+ 29. Ke2 Rd7 30. b5 g5 31. Rc7 Rxc7 32. Bxc7 Bd4 33. f3
Bg1 34. Kd3 Bc5 35. Ke4 Bf2 36. g4 Bc5 37. Bd8 h6 38. h4 gxh4 39. Bxh4 Bd6 40.
Bd8 Kg6 41. b6 Kf7 42. Kd4 Bg3 43. Kc5 Bf4 44. Bc7 e5 45. Kd5 Kf6 46. Bd6 Bg3
47. Bc5 Bf4 48. Ke4 Ke6 49. Be3 Bg3 50. Bxh6 Bh4 51. Bd2 Kf6 52. Bc3 1-0

[Event "16. Obert Internacional Sant Martí 2014"]
[Site "Barcelona ESP"]
[Date "2014.07.20"]
[Round "8.17"]
[White "Dukaczewski, Piotr"]
[Black "Saiz Rodrigo, Fernando"]
[Result "1-0"]
[WhiteElo "2303"]
[BlackElo "1917"]
[PlyCount "49"]
[EventDate "2014.07.13"]
[EventType "swiss"]
[EventRounds "9"]
[EventCountry "ESP"]
[Source "lmi"]
[SourceDate "2014.07.13"]

1. e4 c5 2. Nf3 d6 3. Bb5+ Bd7 4. Bxd7+ Qxd7 5. O-O Nc6 6. c3 Nf6 7. Re1 e6 8.
d4 d5 9. exd5 Qxd5 10. c4 Qxc4 11. Na3 Qd5 12. Nb5 O-O-O 13. Bf4 a6 14. Qa4 Qf5
15. Ne5 axb5 16. Qa8+ Nb8 17. Bg3 Bd6 18. dxc5 Bxe5 19. Rxe5 Qg4 20. Ree1 Nfd7
21. c6 bxc6 22. Rac1 c5 23. Qa7 e5 24. Rxe5 Nxe5 25. Rxc5+ 1-0

[Event "16. Obert Internacional Sant Martí 2014"]
[Site "Barcelona ESP"]
[Date "2014.07.20"]
[Round "8.18"]
[White "Gemy, Jose Daniel"]
[Black "Cruz, Cristhian"]
[Result "0-1"]
[WhiteElo "2330"]
[BlackElo "2563"]
[PlyCount "74"]
[EventDate "2014.07.13"]
[EventType "swiss"]
[EventRounds "9"]
[EventCountry "ESP"]
[Source "lmi"]
[SourceDate "2014.07.13"]

1. Nf3 Nf6 2. g3 b5 3. Bg2 Bb7 4. O-O e6 5. d3 d6 6. Nbd2 Nbd7 7. c3 g6 8. a4
a6 9. axb5 axb5 10. Rxa8 Qxa8 11. Qb3 c6 12. e4 Bg7 13. Qb4 Qb8 14. Nb3 Ba8 15.
Qa3 O-O 16. Bd2 Rc8 17. Na5 c5 18. c4 d5 19. exd5 exd5 20. Bf4 Qb6 21. Nb3 bxc4
22. dxc4 Nh5 23. Bc1 dxc4 24. Nbd2 Bd5 25. Ne1 Be6 26. Nc2 Ne5 27. Ne3 Qb4 28.
Qa6 Rd8 29. Bd5 Bxd5 30. Nxd5 Qb8 31. Ne7+ Kf8 32. Nc6 Qd6 33. Qb6 Nxc6 34.
Nxc4 Qd7 35. Qxc5+ Kg8 36. Ne3 Nd4 37. Rd1 Qb7 0-1

[Event "16. Obert Internacional Sant Martí 2014"]
[Site "Barcelona ESP"]
[Date "2014.07.20"]
[Round "8.19"]
[White "Gurevich, Daniel"]
[Black "Cruz, Filemon"]
[Result "0-1"]
[WhiteElo "2317"]
[BlackElo "2412"]
[PlyCount "128"]
[EventDate "2014.07.13"]
[EventType "swiss"]
[EventRounds "9"]
[EventCountry "ESP"]
[Source "lmi"]
[SourceDate "2014.07.13"]

1. e4 e5 2. Nf3 Nc6 3. Bb5 g6 4. c3 Nge7 5. d4 exd4 6. cxd4 d5 7. exd5 Nxd5 8.
O-O Bg7 9. Re1+ Be6 10. Ng5 O-O 11. Bxc6 bxc6 12. Nxe6 fxe6 13. Nd2 Bxd4 14.
Nf3 Bg7 15. Qe2 Re8 16. Bg5 Qd6 17. Rac1 Rab8 18. b3 e5 19. Nd2 h6 20. Ne4 Qe6
21. Be3 a5 22. Qa6 Nb4 23. Qxa5 Qf7 24. Red1 Rb5 25. Qa4 Nd5 26. Qc4 Re6 27.
Bc5 Rb8 28. g3 Bf8 29. Qe2 Kh7 30. Rc4 Bxc5 31. Nxc5 Rf6 32. Ne4 Re6 33. Rdc1
Rb6 34. h4 Qf5 35. Kg2 Qf7 36. Qg4 Nb4 37. Rd1 Nd5 38. Rd2 Rb8 39. Kg1 Rf8 40.
Rdc2 Ne7 41. Qd1 Qe8 42. Qc1 Rf7 43. b4 Nf5 44. R2c3 Nd4 45. Qd1 Kg7 46. Rc5
Rf5 47. a4 Qb8 48. R3c4 Qd8 49. Kg2 Re7 50. a5 Rd7 51. Qa4 Rdf7 52. a6 Ne2 53.
Qc2 Nd4 54. Qa2 Rf8 55. a7 Qa8 56. Qa6 Qd8 57. Qb7 Kh8 58. Ra5 Rxf2+ 59. Nxf2
Qf6 60. Ra2 Qf3+ 61. Kh2 Ne2 62. Rxe2 Qxe2 63. Kh3 Qf1+ 64. Kg4 Qxc4+ 0-1

[Event "16. Obert Internacional Sant Martí 2014"]
[Site "Barcelona ESP"]
[Date "2014.07.20"]
[Round "8.20"]
[White "Matsenko, Andrei"]
[Black "Martinez Romero, Martin"]
[Result "1-0"]
[WhiteElo "2294"]
[BlackElo "2401"]
[PlyCount "89"]
[EventDate "2014.07.13"]
[EventType "swiss"]
[EventRounds "9"]
[EventCountry "ESP"]
[Source "lmi"]
[SourceDate "2014.07.13"]

1. e4 c5 2. Nf3 e6 3. d4 cxd4 4. Nxd4 Nf6 5. Bd3 e5 6. Nb3 Be7 7. O-O O-O 8. c4
d6 9. Nc3 Be6 10. Qe2 Nbd7 11. h3 g6 12. Bh6 Re8 13. Nd5 Nh5 14. Rac1 Bg5 15.
Bxg5 Qxg5 16. Kh2 Nf4 17. Qf3 Rac8 18. Rfd1 a5 19. a4 Nc5 20. Nxc5 Rxc5 21.
Nxf4 exf4 22. b3 h5 23. Bb1 Bg4 24. hxg4 hxg4 25. Qc3 Qh6+ 26. Kg1 Rh5 27. Kf1
f3 28. gxf3 Rf5 29. fxg4 Rf4 30. Qg3 Qg5 31. Rc3 Rxg4 32. Qe3 Qh5 33. Qf3 Qg5
34. Ke2 f5 35. Rxd6 Rg1 36. Bd3 Qe7 37. c5 Qg7 38. Bc4+ Kf8 39. Re6 Rd8 40.
exf5 g5 41. Qe3 Qh8 42. Qe5 Qh5+ 43. Rf3 Re1+ 44. Kxe1 Qh1+ 45. Bf1 1-0

[Event "16. Obert Internacional Sant Martí 2014"]
[Site "Barcelona ESP"]
[Date "2014.07.20"]
[Round "8.21"]
[White "Perpinya Rofes, Lluis Maria"]
[Black "Persson, Andreas"]
[Result "0-1"]
[WhiteElo "2400"]
[BlackElo "2249"]
[PlyCount "78"]
[EventDate "2014.07.13"]
[EventType "swiss"]
[EventRounds "9"]
[EventCountry "ESP"]
[Source "lmi"]
[SourceDate "2014.07.13"]

1. e4 e5 2. Nf3 Nc6 3. Bb5 a6 4. Ba4 Nf6 5. O-O Be7 6. d3 b5 7. Bb3 d6 8. a4
Bd7 9. c3 O-O 10. Nbd2 Na5 11. Bc2 c5 12. Re1 Re8 13. Nf1 h6 14. Ne3 Bf8 15. h3
b4 16. Bd2 Rb8 17. cxb4 cxb4 18. Nh2 Be6 19. Nhg4 Nd7 20. Qf3 Nc6 21. Qg3 h5
22. Nh6+ Kh7 23. Nhf5 g6 24. Bd1 Nc5 25. Nd5 Bxd5 26. exd5 Na5 27. Bxh5 Qf6 28.
Nh4 Be7 29. Nf3 gxh5 30. d4 Rg8 31. Ng5+ Rxg5 32. Bxg5 Qxg5 33. Qf3 Ncb3 34.
Qxf7+ Kh8 35. f4 Qh4 36. Qg6 Nxa1 37. Re3 Qxf4 38. Qxh5+ Kg7 39. Rf3 Rh8 0-1

[Event "16. Obert Internacional Sant Martí 2014"]
[Site "Barcelona ESP"]
[Date "2014.07.20"]
[Round "8.22"]
[White "Larsson, Anders"]
[Black "Sanchez, Sebastian Felipe"]
[Result "1/2-1/2"]
[WhiteElo "2270"]
[BlackElo "2375"]
[PlyCount "125"]
[EventDate "2014.07.13"]
[EventType "swiss"]
[EventRounds "9"]
[EventCountry "ESP"]
[Source "lmi"]
[SourceDate "2014.07.13"]

1. d4 Nf6 2. Nf3 c5 3. c3 e6 4. Bg5 cxd4 5. cxd4 Qb6 6. Bxf6 gxf6 7. Qd2 d5 8.
Nc3 Nc6 9. e3 Rg8 10. Rc1 Bd7 11. g3 Na5 12. Bd3 Rc8 13. O-O Bb4 14. Qe2 Nc4
15. b3 Nd6 16. Na4 Qa5 17. Rxc8+ Bxc8 18. Bxh7 Rh8 19. Bd3 Bd7 20. Rc1 Ke7 21.
h4 Ne4 22. Rc2 Bxa4 23. bxa4 Nc3 24. Qf1 Qxa4 25. Nd2 f5 26. Qa1 Ne4 27. Nf1
Bd6 28. Qb2 Rb8 29. Bxe4 fxe4 30. Rc3 Qd1 31. Qc2 Qxc2 32. Rxc2 a5 33. f4 exf3
34. Kf2 f5 35. Kxf3 a4 36. g4 fxg4+ 37. Kxg4 Rg8+ 38. Kf3 Rf8+ 39. Ke2 Kd7 40.
Nd2 b5 41. Rc1 Rh8 42. Rh1 Rh5 43. e4 dxe4 44. Nxe4 Be7 45. Kd3 Kc6 46. Rc1+
Kb6 47. Nc5 Bxc5 48. Rxc5 Rxh4 49. Re5 Rh3+ 50. Kc2 Rh2+ 51. Kb1 Rd2 52. Rxe6+
Kc7 53. a3 Rxd4 54. Kc2 Rd6 55. Rxd6 Kxd6 56. Kc3 Kc5 57. Kd3 Kd5 58. Kc3 Kc6
59. Kb4 Kb6 60. Kc3 Kc5 61. Kd3 b4 62. axb4+ Kxb4 63. Kc2 1/2-1/2

[Event "16. Obert Internacional Sant Martí 2014"]
[Site "Barcelona ESP"]
[Date "2014.07.20"]
[Round "8.23"]
[White "Porras Mateo, Felipe"]
[Black "Kholopov, Alexander A"]
[Result "1-0"]
[WhiteElo "2243"]
[BlackElo "2339"]
[PlyCount "121"]
[EventDate "2014.07.13"]
[EventType "swiss"]
[EventRounds "9"]
[EventCountry "ESP"]
[Source "lmi"]
[SourceDate "2014.07.13"]

1. c4 g6 2. d4 Nf6 3. f3 Bg7 4. e4 O-O 5. Nc3 d6 6. Be3 Nc6 7. Nge2 a6 8. Rc1
Bd7 9. d5 Ne5 10. Ng3 c6 11. dxc6 bxc6 12. Be2 c5 13. Qd2 Re8 14. Bh6 Bh8 15.
h4 Nc6 16. h5 Nd4 17. hxg6 fxg6 18. Bd3 Rb8 19. Rh4 e6 20. Bg5 Qb6 21. b3 Rf8
22. Nce2 Nc6 23. Bb1 Qb4 24. Qxb4 Rxb4 25. Rd1 Ne8 26. Rf4 a5 27. Rxf8+ Kxf8
28. Bc2 Rb7 29. Bd2 Nb4 30. Bb1 a4 31. f4 axb3 32. axb3 Nc6 33. Bc2 Ra7 34. Be3
Ra2 35. Rd2 Nd4 36. Bd1 Nxe2 37. Rxa2 Nxg3 38. Bf3 Bc6 39. e5 Bxf3 40. gxf3 Nf5
41. Bf2 h5 42. exd6 Bc3+ 43. Kf1 Nexd6 44. Bxc5 Kf7 45. Ra6 Ne8 46. b4 Bd2 47.
b5 Bxf4 48. b6 h4 49. Kg2 Nfd6 50. Bxd6 Bxd6 51. b7 Bc7 52. c5 Ke7 53. Ra8 Kd7
54. b8=Q Bxb8 55. Rxb8 Nf6 56. Kh3 g5 57. Rb7+ Kc6 58. Rb6+ Kd5 59. Rd6+ Ke5
60. Rd8 Nd5 61. c6 1-0

[Event "16. Obert Internacional Sant Martí 2014"]
[Site "Barcelona ESP"]
[Date "2014.07.20"]
[Round "8.24"]
[White "Palit, Somak"]
[Black "Bru Rullo, Llatzer"]
[Result "1-0"]
[WhiteElo "2411"]
[BlackElo "2152"]
[PlyCount "81"]
[EventDate "2014.07.13"]
[EventType "swiss"]
[EventRounds "9"]
[EventCountry "ESP"]
[Source "lmi"]
[SourceDate "2014.07.13"]

1. e4 e5 2. Nf3 Nc6 3. Bc4 Bc5 4. d3 Nf6 5. O-O d6 6. c3 a6 7. Bb3 Ba7 8. Nbd2
O-O 9. h3 h6 10. Re1 Nh5 11. Nf1 Qf6 12. Be3 Nf4 13. Ng3 Bxe3 14. fxe3 Ng6 15.
Rf1 Qd8 16. Qe1 Be6 17. Nf5 Nce7 18. Nh2 d5 19. Qg3 dxe4 20. Bxe6 fxe6 21.
Nxe7+ Nxe7 22. Rxf8+ Qxf8 23. dxe4 Qf6 24. Rf1 Qg5 25. Qxg5 hxg5 26. Rd1 Kf7
27. Ng4 Rc8 28. Nxe5+ Kf6 29. Nd7+ Kf7 30. Rf1+ Ke8 31. Nc5 e5 32. Ne6 g6 33.
Rf8+ Kd7 34. Rxc8 Nxc8 35. Nxg5 Nd6 36. Kf2 Nc4 37. b3 Nd2 38. Ke2 Nb1 39. Kd3
Na3 40. c4 c5 41. Nf7 1-0

[Event "16. Obert Internacional Sant Martí 2014"]
[Site "Barcelona ESP"]
[Date "2014.07.20"]
[Round "8.25"]
[White "Cruz, Jonathan"]
[Black "Oms Fuentes, Lluis"]
[Result "1-0"]
[WhiteElo "2471"]
[BlackElo "2293"]
[PlyCount "57"]
[EventDate "2014.07.13"]
[EventType "swiss"]
[EventRounds "9"]
[EventCountry "ESP"]
[Source "lmi"]
[SourceDate "2014.07.13"]

1. c4 e5 2. g3 Nc6 3. Bg2 Nf6 4. a3 a5 5. d3 Bc5 6. Nf3 d6 7. O-O Bf5 8. Nc3 h6
9. Rb1 Qd7 10. Nd5 Nxd5 11. cxd5 Ne7 12. Qc2 Ng6 13. Be3 Bxe3 14. fxe3 O-O 15.
Rbc1 Rfc8 16. Nd2 Bh3 17. Bxh3 Qxh3 18. Qa4 h5 19. Qe4 Ne7 20. Qf3 f6 21. Rc4
Ng6 22. Ne4 b5 23. Rc6 Ne7 24. Nxf6+ gxf6 25. Qxf6 Rf8 26. Qg5+ Kh8 27. Rf6 Ng8
28. Rxc7 Qg4 29. Rh6+ 1-0

[Event "16. Obert Internacional Sant Martí 2014"]
[Site "Barcelona ESP"]
[Date "2014.07.20"]
[Round "8.26"]
[White "Sardana, Rishi"]
[Black "Dalo, Hermes"]
[Result "1-0"]
[WhiteElo "2363"]
[BlackElo "2226"]
[PlyCount "59"]
[EventDate "2014.07.13"]
[EventType "swiss"]
[EventRounds "9"]
[EventCountry "ESP"]
[Source "lmi"]
[SourceDate "2014.07.13"]

1. e4 c5 2. Nf3 e6 3. b3 b6 4. c4 Bb7 5. Nc3 Nc6 6. Bb2 a6 7. d4 cxd4 8. Nxd4
Qc7 9. Rc1 Nf6 10. Nxc6 Bxc6 11. Bd3 Bc5 12. Qe2 O-O 13. O-O Qf4 14. e5 Bxg2
15. Kxg2 Ng4 16. Bxh7+ Kh8 17. Rh1 Bxf2 18. Qf3 Qd2 19. Qxg4 Bd4+ 20. Ne2 Bxb2
21. Rc2 Qh6 22. Be4 f5 23. exf6 gxf6 24. Qh3 Rg8+ 25. Ng3 Qxh3+ 26. Kxh3 d5 27.
cxd5 Be5 28. dxe6 Ra7 29. Rhc1 Bf4 30. Rf1 1-0

[Event "16. Obert Internacional Sant Martí 2014"]
[Site "Barcelona ESP"]
[Date "2014.07.20"]
[Round "8.27"]
[White "Sagar, Shah"]
[Black "Ventura Bolet, Maxim"]
[Result "1-0"]
[WhiteElo "2314"]
[BlackElo "2044"]
[PlyCount "47"]
[EventDate "2014.07.13"]
[EventType "swiss"]
[EventRounds "9"]
[EventCountry "ESP"]
[Source "lmi"]
[SourceDate "2014.07.13"]

1. d4 d5 2. c4 dxc4 3. e4 Nc6 4. Nf3 Bg4 5. d5 Ne5 6. Bf4 Ng6 7. Be3 Nf6 8. Nc3
e5 9. h3 Bd7 10. Bxc4 a6 11. O-O Bd6 12. Re1 O-O 13. Rc1 Nh5 14. Bf1 Ngf4 15.
g3 Nxh3+ 16. Bxh3 Bxh3 17. Ng5 Nxg3 18. fxg3 Bd7 19. Rf1 h6 20. Nf3 f5 21. exf5
e4 22. Nd4 Bxg3 23. Qg4 Bd6 24. Nxe4 1-0

[Event "16. Obert Internacional Sant Martí 2014"]
[Site "Barcelona ESP"]
[Date "2014.07.20"]
[Round "8.28"]
[White "Amigo Vilalta, Jordi"]
[Black "Gomez Jurado, Luis Alberto"]
[Result "1-0"]
[WhiteElo "2231"]
[BlackElo "2304"]
[PlyCount "123"]
[EventDate "2014.07.13"]
[EventType "swiss"]
[EventRounds "9"]
[EventCountry "ESP"]
[Source "lmi"]
[SourceDate "2014.07.13"]

1. d4 d5 2. c4 c6 3. Nf3 Nf6 4. e3 Bf5 5. Nc3 e6 6. Nh4 Be4 7. Qb3 b6 8. cxd5
exd5 9. f3 Bg6 10. e4 dxe4 11. Nxg6 hxg6 12. Bc4 Qc7 13. fxe4 b5 14. Nxb5 cxb5
15. Bxb5+ Nbd7 16. e5 Rb8 17. O-O Kd8 18. Qd3 Qb6 19. Bxd7 Nxd7 20. Rxf7 Nxe5
21. Bg5+ Ke8 22. Qe4 Kxf7 23. Qd5+ Ke8 24. Re1 Qd6 25. Rxe5+ Kd7 26. Qf7+ Kc6
27. Re6 Qxe6 28. Qxe6+ Bd6 29. Bf4 Rhd8 30. Qc4+ Kd7 31. Qf7+ Kc6 32. d5+ Kb5
33. a4+ Kb4 34. Bxd6+ Rxd6 35. Qxa7 Rbd8 36. Qd4+ Ka5 37. b3 Rxd5 38. Qc3+ Kb6
39. h3 R8d7 40. b4 g5 41. Qc4 Kb7 42. a5 R7d6 43. b5 Rd2 44. Kh2 R2d5 45. Kg3
Rd3+ 46. Kf2 R3d5 47. Kf3 Rf5+ 48. Kg3 Rfd5 49. Kh2 g6 50. Kg3 Rd3+ 51. Kf2
R3d5 52. Kf3 Rd3+ 53. Ke4 Rd1 54. Ke5 Rd7 55. Qc6+ Kb8 56. Ke6 Rc7 57. Qf3 Rd8
58. b6 Re8+ 59. Kf6 Rf8+ 60. Kxg6 Rg8+ 61. Kh5 Rb7 62. Kg4 1-0

[Event "16. Obert Internacional Sant Martí 2014"]
[Site "Barcelona ESP"]
[Date "2014.07.20"]
[Round "8.29"]
[White "Cruz Lledo, Pablo"]
[Black "Mokal, Amruta Sunil"]
[Result "1-0"]
[WhiteElo "2373"]
[BlackElo "2046"]
[PlyCount "119"]
[EventDate "2014.07.13"]
[EventType "swiss"]
[EventRounds "9"]
[EventCountry "ESP"]
[Source "lmi"]
[SourceDate "2014.07.13"]

1. d4 Nf6 2. c4 e6 3. Nc3 Bb4 4. Nf3 c5 5. g3 cxd4 6. Nxd4 Ne4 7. Qd3 Qa5 8.
Ndb5 a6 9. Qxe4 axb5 10. Bd2 bxc4 11. Qxc4 O-O 12. Bg2 d5 13. Qd3 Nc6 14. O-O
Ne5 15. Qc2 Nc4 16. Be1 Bd7 17. a3 Bxc3 18. Bxc3 Qb6 19. b3 Na5 20. Rab1 Nc6
21. e3 d4 22. exd4 Rxa3 23. d5 Nb4 24. Qe2 Nxd5 25. Bxg7 Kxg7 26. Qb2+ Nc3 27.
Qxc3+ f6 28. Qf3 Kh8 29. Qf4 Bc6 30. Qd6 Rfa8 31. Qxe6 Qd4 32. Bxc6 bxc6 33.
Qxc6 Ra1 34. Rfe1 R8a7 35. Kg2 Rxb1 36. Rxb1 Ra2 37. Qf3 Rxf2+ 38. Qxf2 Qe4+
39. Kh3 Qxb1 40. Qxf6+ Kg8 41. Qe6+ Kg7 42. Qc4 Kf6 43. b4 Qf5+ 44. Kg2 Qd7 45.
b5 Qd2+ 46. Kh3 Qd7+ 47. g4 Qd1 48. Qf4+ Kg7 49. Qe5+ Kg6 50. Qf5+ Kg7 51. Qe5+
Kg6 52. Qe6+ Kg7 53. Kh4 Qd8+ 54. Kh5 Qb8 55. Qd7+ Kh8 56. h4 Qe5+ 57. Qf5 Qe8+
58. Kh6 Qe3+ 59. g5 Qe6+ 60. Qf6+ 1-0

[Event "16. Obert Internacional Sant Martí 2014"]
[Site "Barcelona ESP"]
[Date "2014.07.20"]
[Round "8.30"]
[White "Guix Torres, David"]
[Black "Andersen, Alf R"]
[Result "0-1"]
[WhiteElo "2045"]
[BlackElo "2214"]
[PlyCount "62"]
[EventDate "2014.07.13"]
[EventType "swiss"]
[EventRounds "9"]
[EventCountry "ESP"]
[Source "lmi"]
[SourceDate "2014.07.13"]

1. d4 f5 2. Nc3 Nf6 3. Bg5 d5 4. Bxf6 exf6 5. e3 Be6 6. Qf3 Qd7 7. Bb5 Nc6 8.
Nge2 a6 9. Bxc6 Qxc6 10. a3 O-O-O 11. Nf4 g5 12. Nxe6 Qxe6 13. O-O-O h5 14. Rd3
g4 15. Qd1 Bd6 16. Ne2 Qe4 17. Qf1 f4 18. f3 gxf3 19. Qxf3 Rhg8 20. Nxf4 Bxf4
21. exf4 Rxg2 22. Qxh5 Rf2 23. Qd1 Rg8 24. Kb1 Kb8 25. Rg1 Re8 26. Rd2 Qxf4 27.
Rxf2 Qxf2 28. Rf1 Qh4 29. Qd2 Re4 30. Qf2 Rxd4 31. Qxf6 Rd1+ 0-1

[Event "16. Obert Internacional Sant Martí 2014"]
[Site "Barcelona ESP"]
[Date "2014.07.20"]
[Round "8.31"]
[White "Capellades Subirana, Marc"]
[Black "Sonis, Francesco"]
[Result "1-0"]
[WhiteElo "2211"]
[BlackElo "2029"]
[PlyCount "85"]
[EventDate "2014.07.13"]
[EventType "swiss"]
[EventRounds "9"]
[EventCountry "ESP"]
[Source "lmi"]
[SourceDate "2014.07.13"]

1. e4 c5 2. Nf3 d6 3. d4 cxd4 4. Nxd4 Nf6 5. Nc3 a6 6. Be2 e5 7. Nb3 Be7 8. O-O
O-O 9. a4 Nc6 10. Be3 Be6 11. Bf3 Rc8 12. Qd2 Nb4 13. Rad1 Ng4 14. Bxg4 Bxg4
15. f3 Be6 16. Nc1 Qc7 17. Nd3 Nxd3 18. cxd3 Qd7 19. d4 Bb3 20. Ra1 Bf6 21. d5
a5 22. Ra3 Bc4 23. Rb1 Bd8 24. Rc1 Bc7 25. b3 Ba6 26. Ra2 Qd8 27. Qf2 g6 28. g4
Qd7 29. Kh1 f6 30. Rac2 Bd3 31. Rb2 Ba6 32. Na2 Bb8 33. Rbc2 Bd3 34. Rc3 Ba6
35. Qc2 Rxc3 36. Qxc3 f5 37. gxf5 gxf5 38. Rg1+ Kh8 39. Bh6 Rg8 40. Rxg8+ Kxg8
41. Qe3 f4 42. Qg1+ Kh8 43. Qg5 1-0

[Event "16. Obert Internacional Sant Martí 2014"]
[Site "Barcelona ESP"]
[Date "2014.07.20"]
[Round "8.32"]
[White "Inouss, Badr"]
[Black "Lindh, Fredrik"]
[Result "1-0"]
[WhiteElo "2008"]
[BlackElo "2205"]
[PlyCount "87"]
[EventDate "2014.07.13"]
[EventType "swiss"]
[EventRounds "9"]
[EventCountry "ESP"]
[Source "lmi"]
[SourceDate "2014.07.13"]

1. d4 Nf6 2. c4 g6 3. f3 d5 4. cxd5 Nxd5 5. e4 Nb6 6. Be3 Bg7 7. Nc3 Nc6 8. Bb5
O-O 9. Bxc6 bxc6 10. b3 f5 11. Nge2 fxe4 12. Nxe4 Nd5 13. Bf2 e5 14. O-O Ba6
15. Re1 Qe7 16. dxe5 Rfd8 17. Bc5 Qxe5 18. Bd4 Bxe2 19. Bxe5 Bxd1 20. Bxg7 Bxf3
21. Ng5 Bg4 22. Bb2 Re8 23. Bd4 Nf4 24. Ne4 Red8 25. Nf6+ Kf7 26. Be5 Be6 27.
Nxh7 Nd3 28. Ng5+ Ke7 29. Nxe6 Kxe6 30. Bxc7+ Nxe1 31. Rxe1+ Kf5 32. Bxd8 Rxd8
33. Kf2 Rd5 34. Re2 a5 35. Rc2 c5 36. Ke3 Ke6 37. Rc4 Rg5 38. g4 Kd5 39. Kf4
Re5 40. Rxc5+ Kxc5 41. Kxe5 Kb4 42. h4 Ka3 43. Kd4 Kxa2 44. Kc3 1-0

[Event "16. Obert Internacional Sant Martí 2014"]
[Site "Barcelona ESP"]
[Date "2014.07.20"]
[Round "8.33"]
[White "Juan Bartroli, Pau"]
[Black "Alfara Ayllon, Jose Luis"]
[Result "1-0"]
[WhiteElo "2179"]
[BlackElo "1942"]
[PlyCount "95"]
[EventDate "2014.07.13"]
[EventType "swiss"]
[EventRounds "9"]
[EventCountry "ESP"]
[Source "lmi"]
[SourceDate "2014.07.13"]

1. d4 d5 2. c4 e6 3. Nc3 Be7 4. cxd5 exd5 5. Bf4 c6 6. Qc2 Nf6 7. e3 O-O 8. Bd3
Nbd7 9. Nf3 Re8 10. O-O Nf8 11. h3 Ng6 12. Bh2 Bd6 13. Bxd6 Qxd6 14. Rab1 a5
15. Na4 Ne4 16. Nb6 Rb8 17. Nd2 f5 18. Nxc8 Rbxc8 19. f3 Ng3 20. Rfe1 Nh4 21.
Nf1 Qg6 22. Nxg3 Qxg3 23. Qf2 Qg5 24. f4 Qf6 25. b4 a4 26. g3 Ng6 27. Qc2 Ne7
28. Qxa4 g5 29. Qc2 Kh8 30. Qf2 Rg8 31. Kh2 h6 32. a4 Ra8 33. a5 Kg7 34. Rf1
Rgf8 35. Qc2 Qe6 36. Qe2 Ng6 37. Rbe1 b6 38. axb6 Rab8 39. Ra1 Rxb6 40. Ra7+
Ne7 41. fxg5 hxg5 42. Qh5 Qxe3 43. Bxf5 Rxf5 44. Rxf5 Qd2+ 45. Kg1 Qe3+ 46. Kg2
Qe4+ 47. Qf3 Qxf3+ 48. Rxf3 1-0

[Event "16. Obert Internacional Sant Martí 2014"]
[Site "Barcelona ESP"]
[Date "2014.07.20"]
[Round "8.34"]
[White "Castrillo Mansego, Pablo"]
[Black "Cortes Orihuela, Javier"]
[Result "0-1"]
[WhiteElo "2013"]
[BlackElo "2155"]
[PlyCount "78"]
[EventDate "2014.07.13"]
[EventType "swiss"]
[EventRounds "9"]
[EventCountry "ESP"]
[Source "lmi"]
[SourceDate "2014.07.13"]

1. e4 c5 2. f4 d5 3. exd5 Qxd5 4. Nc3 Qd8 5. Bb5+ Bd7 6. Nf3 Bxb5 7. Nxb5 a6 8.
Nc3 e6 9. O-O Bd6 10. d3 Nf6 11. Ne4 O-O 12. Nxd6 Qxd6 13. Ne5 Nc6 14. Nxc6
Qxc6 15. Qf3 Qxf3 16. Rxf3 Rac8 17. b3 b5 18. a4 Nd5 19. Bb2 c4 20. axb5 axb5
21. dxc4 bxc4 22. Ba3 Rfd8 23. Raf1 c3 24. g3 Rd7 25. Rd3 Ra7 26. Bd6 f6 27. f5
Ra6 28. fxe6 Rxd6 29. Rfd1 Rc5 30. b4 Rb5 31. Rxc3 Rxe6 32. Rc8+ Kf7 33. c4 Ne7
34. Rd7 Rxb4 35. Kg2 Rb2+ 36. Kf3 Rbb6 37. Rcc7 Rbd6 38. Rxd6 Rxd6 39. Ke4 Rc6
0-1

[Event "16. Obert Internacional Sant Martí 2014"]
[Site "Barcelona ESP"]
[Date "2014.07.20"]
[Round "8.35"]
[White "Magallanes, Gustavo"]
[Black "Raghunandan, Kaumandur Srihari"]
[Result "0-1"]
[WhiteElo "1969"]
[BlackElo "2148"]
[PlyCount "116"]
[EventDate "2014.07.13"]
[EventType "swiss"]
[EventRounds "9"]
[EventCountry "ESP"]
[Source "lmi"]
[SourceDate "2014.07.13"]

1. d4 d5 2. Nf3 Nf6 3. Bg5 Ne4 4. Bf4 c5 5. c3 Qb6 6. Qc1 Nc6 7. e3 Bf5 8. Nbd2
e6 9. Be2 Rc8 10. O-O Be7 11. Nxe4 Bxe4 12. Qd2 c4 13. Ne5 Nxe5 14. Bxe5 O-O
15. f3 Bg6 16. Rfe1 Rfe8 17. Bd1 Bf8 18. Bg3 f6 19. Kh1 Red8 20. b3 Ba3 21. e4
e5 22. Bf2 exd4 23. Bxd4 dxe4 24. Qf2 Bc5 25. Bxc5 Qxc5 26. Qxc5 Rxc5 27. bxc4
Kf8 28. fxe4 Rxc4 29. Bf3 Rxc3 30. e5 b6 31. exf6 gxf6 32. a4 Rd6 33. h3 Rc5
34. Ra2 Bf7 35. Ra3 Rd4 36. Kh2 Ra5 37. Bc6 Rd6 38. Rc1 Rc5 39. Rxc5 bxc5 40.
Be4 Bg6 41. Bf3 c4 42. Be2 Rc6 43. Rc3 Bf7 44. Kg3 Ke7 45. Bf3 Rc7 46. Kf4 Kd6
47. Kf5 Bg6+ 48. Kxf6 Bd3 49. g4 Kc5 50. Rc1 Kd4 51. g5 c3 52. h4 c2 53. h5 Ke3
54. Bd5 Kd2 55. Rg1 c1=Q 56. Rxc1 Rxc1 57. g6 hxg6 58. hxg6 Rf1+ 0-1